Rešateli intellektual'nych zadač

Salvato in:
Dettagli Bibliografici
Natura: Libro
Lingua:russo
Pubblicazione: Moskva Nauka 1982
Serie:Problemy iskusstvennogo intellekta
Tags: Aggiungi Tag
Nessun Tag, puoi essere il primo ad aggiungerne!!

MARC

LEADER 00000nam a2200000 4500
001 c130846
005 20260130080322.4
041 0 |a rus 
044 |a RU 
245 1 0 |a Rešateli intellektual'nych zadač  |c Jevgenij Ivanovič Jefimov 
264 1 |a Moskva  |b Nauka  |c 1982 
300 |a 316 s. 
490 1 |a Problemy iskusstvennogo intellekta 
830 0 |a Problemy iskusstvennogo intellekta